Wage rates, earnings, and fluctuation of employment: (Record no. 35911)

MARC details
000 -LEADER
fixed length control field 00943cam a22002651 4500
001 - CONTROL NUMBER
control field l 28000145
003 - CONTROL NUMBER IDENTIFIER
control field DLC
005 - DATE AND TIME OF LATEST TRANSACTION
control field 20260227111531.0
007 - PHYSICAL DESCRIPTION FIXED FIELD--GENERAL INFORMATION
fixed length control field cr_|||||||||||
008 - FIXED-LENGTH DATA ELEMENTS--GENERAL INFORMATION
fixed length control field 761105s1928 xx 000 0 engd
010 ## - LIBRARY OF CONGRESS CONTROL NUMBER
LC control number l 28000145
035 ## - SYSTEM CONTROL NUMBER
System control number (OCoLC)2541649
040 ## - CATALOGING SOURCE
Original cataloging agency DLC
Transcribing agency OKentU
Modifying agency DLC
050 00 - LIBRARY OF CONGRESS CALL NUMBER
Classification number HD4976.O3
Item number I6
110 2# - MAIN ENTRY--CORPORATE NAME
Corporate name or jurisdiction name as entry element Information Bureau on Women's Work (Toledo, Ohio)
245 10 - TITLE STATEMENT
Title Wage rates, earnings, and fluctuation of employment:
Remainder of title Ohio, 1914-1926 (inclusive)
260 ## - PUBLICATION, DISTRIBUTION, ETC.
Place of publication, distribution, etc. Toledo, O.,
Name of publisher, distributor, etc. Information bureau on women's work
Date of publication, distribution, etc. [1928?]
300 ## - PHYSICAL DESCRIPTION
Extent cover-title, 140 p.
Other physical details illus.
Dimensions 26 cm.
530 ## - ADDITIONAL PHYSICAL FORM AVAILABLE NOTE
Additional physical form available note A digital reproduction is available from the Open Collections Program at Harvard University, Women and work collection.
650 #0 - SUBJECT ADDED ENTRY--TOPICAL TERM
Topical term or geographic name entry element Wages
Geographic subdivision Ohio.
650 #0 - SUBJECT ADDED ENTRY--TOPICAL TERM
Topical term or geographic name entry element Labor
Geographic subdivision Ohio.
650 #0 - SUBJECT ADDED ENTRY--TOPICAL TERM
Topical term or geographic name entry element Unemployed
Geographic subdivision Ohio.
650 #0 - SUBJECT ADDED ENTRY--TOPICAL TERM
Topical term or geographic name entry element Women
General subdivision Employment
Geographic subdivision Ohio.
856 41 - ELECTRONIC LOCATION AND ACCESS
Uniform Resource Identifier <a href="http://nrs.harvard.edu/urn-3:FHCL:136975">http://nrs.harvard.edu/urn-3:FHCL:136975</a>

No items available.

Powered by Koha